Online
Catalog

Historia de la cultura de Barahona : (Record no. 21192)

MARC details
000 -CABECERA
campo de control de longitud fija 01337nam a2200301 a 4500
001 - NÚMERO DE CONTROL
campo de control 000021693
005 - FECHA Y HORA DE LA ÚLTIMA TRANSACCIÓN
campo de control 20240301125231.0
008 - DATOS DE LONGITUD FIJA--INFORMACIÓN GENERAL
campo de control de longitud fija 100910s2000 dr 000 0 spa d
040 ## - FUENTE DE LA CATALOGACIÓN
Centro catalogador/agencia de origen DO-SdBNP
Lengua de catalogación spa
Centro/agencia transcriptor BNPHU
082 ## - NÚMERO DE LA CLASIFICACIÓN DECIMAL DEWEY
Número de clasificación 972.9324
Número de documento/Ítem L864h
049 ## - FONDOS LOCALES (OCLC)
Fondos de biblioteca BNPD
100 1# - ENTRADA PRINCIPAL--NOMBRE DE PERSONA
Nombre de persona López Reyes, Oscar
Fechas asociadas al nombre 1952-
9 (RLIN) 11261
245 10 - MENCIÓN DE TÍTULO
Título Historia de la cultura de Barahona :
Resto del título (costumbres, arte y literatura) /
Mención de responsabilidad, etc. Oscar López Reyes ; prólogo Dagoberto Tejada Ortiz.
260 ## - PUBLICACIÓN, DISTRIBUCIÓN, ETC.
Lugar de publicación, distribución, etc. Santo Domingo :
Nombre del editor, distribuidor, etc. Comisión Presidencial de Apoyo al Desarrollo Providencial,
Fecha de publicación, distribución, etc. 2000.
300 ## - DESCRIPCIÓN FÍSICA
Extensión 194 p. ;
Dimensiones 22 cm.
490 1# - MENCIÓN DE SERIE
Mención de serie Provincias ;
Designación de volumen o secuencia 13
500 ## - NOTA GENERAL
Nota general Incluye notas al pie de las páginas.
504 ## - NOTA DE BIBLIOGRAFÍA, ETC.
Nota de bibliografía, etc. Bibliografía : 191-194.
586 ## - NOTA DE PREMIOS
Nota de premios Premio en el Concurso Nacional sobre Historia y Desarrollo de las Provincias.
651 #4 - PUNTO DE ACCESO ADICIONAL DE MATERIA--NOMBRE GEOGRÁFICO
Nombre geográfico Barahona (República Dominicana{Rpara}
Subdivisión general Historia Local
9 (RLIN) 231
651 #4 - PUNTO DE ACCESO ADICIONAL DE MATERIA--NOMBRE GEOGRÁFICO
Nombre geográfico Barahona (República Dominicana{Rpara}
Subdivisión general Condiciones Económicas
9 (RLIN) 38805
651 #4 - PUNTO DE ACCESO ADICIONAL DE MATERIA--NOMBRE GEOGRÁFICO
Nombre geográfico Barahona (República Dominicana{Rpara}
Subdivisión general Vida Social Y Costumbres
9 (RLIN) 782
650 #4 - PUNTO DE ACCESO ADICIONAL DE MATERIA--TÉRMINO DE MATERIA
Término de materia o nombre geográfico como elemento de entrada Barahona (república dominicana)
Subdivisión general Vida intelectual
9 (RLIN) 45124
650 #4 - PUNTO DE ACCESO ADICIONAL DE MATERIA--TÉRMINO DE MATERIA
Término de materia o nombre geográfico como elemento de entrada Ciudades y pueblos
Subdivisión geográfica República Dominicana
9 (RLIN) 784
700 1# - PUNTO DE ACCESO ADICIONAL--NOMBRE DE PERSONA
Nombre de persona Tejada Ortiz, Dagoberto,
Fechas asociadas al nombre 1940-
Término indicativo de función/relación pról.
9 (RLIN) 33526
830 #0 - PUNTO DE ACCESO ADICIONAL DE SERIE-TÍTULO UNIFORME
Título uniforme Provincias ;
Designación de volumen o secuencia 13
9 (RLIN) 45125
910 ## - DATOS DE OPCIÓN DEL USUARIO (OCLC)
Datos de opción del usuario Validado. Control de calidad BNPHU
Holdings
Estado de retiro Estado de pérdida Restricciones de uso No para préstamo Código de colección Localización permanente Ubicación/localización actual Ubicación en estantería Fecha de adquisición Número de inventario Total de préstamos Signatura topográfica completa Código de barras Fecha visto por última vez Número de copia Precio válido a partir de Tipo de ítem Koha
        Dominicana de Servicio General General Depósito 10.09.2010 LF1   972.9324 L864h 21693-30 25.06.2020 e. 3 25.06.2020 Libro y Folleto Colección Dominicana de Servicio
        Dominicana de Servicio General General Depósito 10.09.2010 LF1   972.9324 L864h 21693-40 25.06.2020 e. 4 25.06.2020 Libro y Folleto Colección Dominicana de Servicio
      Excluido de préstamo Patrimonio Dominicano Patrimonio Dominicano Patrimonio Dominicano Depósito 10.09.2010 LF1   972.9324 L864h 21693-10 25.06.2020   25.06.2020 Libro y Folleto Colección Patrimonio Dominicano
      Excluido de préstamo Patrimonio Dominicano Patrimonio Dominicano Patrimonio Dominicano Depósito 10.09.2010 LF1   972.9324 L864h 21693-20 25.06.2020 e. 2 25.06.2020 Libro y Folleto Colección Patrimonio Dominicano

Powered by Koha